| 000 | 01129cab a22001935a 4500 | ||
|---|---|---|---|
| 001 | L138636 | ||
| 008 | 070628s2007 xxkb f s 000 0 eng d | ||
| 035 | _a(Sirsi) u138636 | ||
| 041 | 0 | _aeng | |
| 100 | 1 | _aBailey, Ian | |
| 245 | 0 | 0 | _aUK land price mid-league |
| 260 | _c2007 | ||
| 490 |
_aFarmland Market _v(67) Autumn 2007, 30-31(2) |
||
| 520 | _aThe range of EU land values is huge, ranging from €500/ha in Romania to almost €30 000/ha in the Netherlands. UK prices are below the median point of these values despite the current boom. In order to safeguard healthy functioning of their property markets, recent accession countries are protected by preventing non-nationals from acquiring land during their accession period. The size and structure of agricultural land in EU countries also varies widely. Volatility is reported in Ireland and Denmark, due to economic and cultural shifts. By contrast, land values in Sweden and Finland have steadily increased post-accession. | ||
| 590 | _aKA | ||
| 651 | 4 | _aEurope | |
| 690 | _aPROPERTY-RURAL AND NATURAL ASSETS-AGRICULTURAL PROPERTY-AGRICULTURAL LAND | ||
| 942 | _n0 | ||
| 999 |
_c78942 _d78942 |
||